000 00592nam a2200217Ia 4500
003 OSt
005 20220928150214.0
006 a|||||r|||| 00| 0
007 ta
008 220927b |||||||| |||| 00| 0 eng d
024 _a89011
037 _cTextual
040 _aSDCL
_cSDCL
_beng
041 _2eng
_aeng
082 _aX:8D, L8
100 _aFriedland Seymour
_9515707
245 0 _aPrinciples of financial management
_b Corporate finance, investments, and macrofinance
260 _c1978
942 _hX:8D, L8
_cTEXL
_2CC
999 _c840759
_d840759